NLSUI OPAC header image

Freedom of the press (Record no. 37321)

MARC details
000 -LEADER
fixed length control field 00502nam a2200157Ia 4500
008 - FIXED-LENGTH DATA ELEMENTS--GENERAL INFORMATION
fixed length control field 160316s9999 xxu||||| |||| 00| 0 eng d
082 ## - DEWEY DECIMAL CLASSIFICATION NUMBER
Classification number 343.099800
Item number DES
100 ## - MAIN ENTRY--PERSONAL NAME
Personal name Desai Shobha
245 ## - TITLE STATEMENT
Title Freedom of the press
250 ## - EDITION STATEMENT
Edition statement
260 ## - PUBLICATION, DISTRIBUTION, ETC.
Place of publication, distribution, etc. Bombay
Name of publisher, distributor, etc. Bombay Union of Journalists
Date of publication, distribution, etc. 0
300 ## - PHYSICAL DESCRIPTION
Extent 152
Other physical details
Dimensions
365 ## - TRADE PRICE
Price amount Rs. 20
650 ## - SUBJECT ADDED ENTRY--TOPICAL TERM
Topical term or geographic name entry element 1. Press freedom<br/>2. Criminal defamation <br/>3. Press - parliament <br/>4. Press - copyright law <br/>5. Labour law <br/>6. Contempt of court
700 ## - ADDED ENTRY--PERSONAL NAME
Personal name Gonsalves Colin
--
Holdings
Withdrawn status Lost status Damaged status Not for loan Home library Current library Shelving location Date acquired Total Checkouts Full call number Barcode Date last seen Price effective from Koha item type
        . .   30.05.2017   343.0998 DES REP12525 30.05.2017 30.05.2017 Repository